000 00493nam a22001697a 4500
005 20251108164843.0
008 250721s1993 xx 000 0 ara d
082 1 4 _a616.9/محم
100 1 _aشاميه، محمد سامح
245 1 0 _aتعرف على الإيدز /
264 1 _aدمشق :
_bمؤسسة زيد للخدمات الطباعية والدعاية،
_c1993.
300 _a274ص
650 1 7 _aالأمراض
650 1 7 _aالإيدز
942 _2ddc
_cBK
999 _c15908
_d15908